Trouver la nationalité du joueur - Statistiques

Statistiques générales
  • Ce quiz a été pris 97 fois
    26 depuis la dernière actualisation
  • Le résultat moyen est 7 sur 9
Statistiques - réponses
Par images Réponse % Correct
Russie
96%
Turquie
92%
Irlande du Nord
88%
Ecosse
83%
Iran
79%
Bulgarie
67%
Guinée
63%
Togo
63%
Zimbabwé
29%
Aucun quiz correspondant
Distribution des résultats
% des personnes avec chaque résultat
Percentile par nombre de réponses
Votre historique - résultats
Vous n’avez pas pris ce quiz depuis la dernière actualisation